| 000 | 00501nam a2200157Ia 4500 | ||
|---|---|---|---|
| 999 |
_c18227 _d18227 |
||
| 003 | OSt | ||
| 005 | 20200606120054.0 | ||
| 008 | 190216s9999||||xx |||||||||||||| ||und|| | ||
| 040 | _cMESKC library | ||
| 082 |
_a891.43 _bAVA/R |
||
| 100 |
_aAvasthi, Vishwambar Dayal _9423 |
||
| 245 | 0 |
_aRam Katha Bakthi Aur Darshan / _cAvasthi, Vishwambar Dayal |
|
| 260 |
_bSaraswathi Prakashan Mandir, _aAllahabad: _c1989. |
||
| 300 | _a310p | ||
| 942 |
_cBK _2ddc _h891.43 _iAVA/R _k891.43 _mAVA/R |
||